The human face of the urban environment : a report to the development community (Record no. 76226)
[ view plain ]
| 000 -LEADER | |
|---|---|
| fixed length control field | 01030nam a2200229 a 4500 |
| 008 - FIXED-LENGTH DATA ELEMENTS--GENERAL INFORMATION | |
| fixed length control field | 120416s1995 ||||||||||||||||| || u |
| 020 ## - INTERNATIONAL STANDARD BOOK NUMBER | |
| International Standard Book Number | 0821330187 |
| 050 ## - LIBRARY OF CONGRESS CALL NUMBER | |
| Classification number | IBRD(08) |
| 100 ## - MAIN ENTRY--PERSONAL NAME | |
| Personal name | Serageldin, Ismail |
| 245 14 - TITLE STATEMENT | |
| Title | The human face of the urban environment : a report to the development community |
| 260 ## - PUBLICATION, DISTRIBUTION, ETC. | |
| Place of publication, distribution, etc. | Washington, D. C.: |
| Name of publisher, distributor, etc. | World Bank |
| Date of publication, distribution, etc. | 1995 |
| 300 ## - PHYSICAL DESCRIPTION | |
| Extent | vi, 55 pages : illustrations |
| 350 ## - | |
| -- | 0.00 |
| 490 ## - | |
| -- | Environmentally Sustainable Development proceedings series no. 6 |
| 650 ## - SUBJECT ADDED ENTRY--TOPICAL TERM | |
| Topical term or geographic name entry element | SUSTAINABLE DEVELOPMENT--CONGRESSES |
| 650 ## - SUBJECT ADDED ENTRY--TOPICAL TERM | |
| Topical term or geographic name entry element | Human ecology--Congresses |
| 650 ## - SUBJECT ADDED ENTRY--TOPICAL TERM | |
| Topical term or geographic name entry element | ENVIRONMENT |
| 650 ## - SUBJECT ADDED ENTRY--TOPICAL TERM | |
| Topical term or geographic name entry element | POLLUTION--GOVERNMENT POLICY--CONGRESSES |
| 700 ## - ADDED ENTRY--PERSONAL NAME | |
| Personal name | Cohen, Alison Cave |
| 995 ## - | |
| -- | SPECIAL COLLECTIONS |
| -- | 0.00 |
| -- | 019760 |
| -- | CBU-MAIN LIBRARY (Kitwe) |
| -- | 1 |
| -- | 0.00 |
| -- | IBRD(08)ESD/5/1995 |
| -- | 1 |
| -- | AVAILABLE |
| -- | Nov 20, 2008 |
| -- | 019760 |
| -- | International Publications |
| 995 ## - | |
| -- | SPECIAL COLLECTIONS |
| -- | 0.00 |
| -- | 019658 |
| -- | CBU-MAIN LIBRARY (Kitwe) |
| -- | 1 |
| -- | 0.00 |
| -- | IBRD(08)ESDP/6/1995 |
| -- | 1 |
| -- | AVAILABLE |
| -- | 019658 |
| -- | International Publications |
| 999 ## - | |
| -- | 76226 |
| -- | 76226 |
| Withdrawn status | Lost status | Source of classification or shelving scheme | Damaged status | Not for loan | Permanent Location | Current Location | Shelving location | Date acquired | Total Checkouts | Full call number | Barcode | Date last seen | Copy number | Price effective from | Koha item type |
|---|---|---|---|---|---|---|---|---|---|---|---|---|---|---|---|
| CBU-MAIN LIBRARY, KITWE. | CBU-MAIN LIBRARY, KITWE. | 04/25/2023 | IBRD(08)ESD/5/1995 | 019760 | 04/25/2023 | 1 | 04/25/2023 | SPECIAL COLLECTION | |||||||
| CBU-MAIN LIBRARY, KITWE. | CBU-MAIN LIBRARY, KITWE. | 04/25/2023 | IBRD(08)ESD/6/1995 | 019658 | 04/25/2023 | 2 | 04/25/2023 | SPECIAL COLLECTION |